000
00345nam a2200145Ia 4500
008
090124s9999 xx 000 0 und d
082
_b
301409
245
_a
तुफान
250
_a
1
260
_b
कर्णिक हेमन
_c
1985
300
_a
187
630
_a
तुफान
730
_a
तुफान
942
_c
BOOK
999
_c
190984
_d
190984